[Event "9 Round Open"]
[Site "Enniscrone, Sligo, IE"]
[Date "2026.02.03"]
[Round "2"]
[White "Gulljord, Birk"]
[Black "Salmin, Vitaliy"]
[Result "1-0"]
[Board "13"]
[WhiteFideId "1542753"]
[BlackFideId "34147885"]
[WhiteElo "1923"]
[BlackElo "1802"]
[WhiteTeam "NOR"]
[BlackTeam "IRL"]
[WhiteClock "0:02:32"]
[BlackClock "0:03:07"]
[Variant "Standard"]

1. d4 {[%clk 1:30:54]}  d5 {[%clk 1:22:33]} 2. c4 {[%clk 1:31:17]}  c6 {[%clk 1:22:58]} 3. cxd5 {[%clk 1:31:42]}  cxd5 {[%clk 1:23:25]} 4. Nc3 {[%clk 1:31:58]}  Nc6 {[%clk 1:23:48]} 5. Bf4 {[%clk 1:32:09]}  e5 {[%clk 1:24:10]} 6. Be3 {[%clk 1:01:02]}  Nge7 {[%clk 1:08:20]} 7. Nf3 {[%clk 0:55:04]}  Nf5 {[%clk 1:00:50]} 8. Qd2 {[%clk 0:44:00]}  Be7 {[%clk 0:49:27]} 9. g4 {[%clk 0:32:08]}  Nxe3 {[%clk 0:42:01]} 10. Qxe3 {[%clk 0:32:25]}  e4 {[%clk 0:39:09]} 11. Nd2 {[%clk 0:30:50]}  O-O {[%clk 0:33:28]} 12. h4 {[%clk 0:30:11]}  Bxg4 {[%clk 0:25:16]} 13. O-O-O {[%clk 0:25:06]}  f5 {[%clk 0:21:35]} 14. f3 {[%clk 0:21:44]}  f4 {[%clk 0:20:34]} 15. Qg1 {[%clk 0:22:06]}  Bf5 {[%clk 0:16:32]} 16. fxe4 {[%clk 0:14:21]}  dxe4 {[%clk 0:16:57]} 17. Ndxe4 {[%clk 0:13:02]}  Rc8 {[%clk 0:14:29]} 18. Bh3 {[%clk 0:08:29]}  Nb4 {[%clk 0:08:52]} 19. Bxf5 {[%clk 0:08:34]}  Rxf5 {[%clk 0:07:01]} 20. Qg4 {[%clk 0:08:32]}  Ra5 {[%clk 0:04:02]} 21. Rhg1 {[%clk 0:07:32]}  Nxa2+ {[%clk 0:03:19]} 22. Kb1 {[%clk 0:07:50]}  Nxc3+ {[%clk 0:03:36]} 23. Nxc3 {[%clk 0:08:05]}  Qf8 {[%clk 0:01:26]} 24. Nd5 {[%clk 0:05:28]}  Rd8 {[%clk 0:00:39]} 25. Qe6+ {[%clk 0:05:39]}  Qf7 {[%clk 0:00:34]} 26. Nxe7+ {[%clk 0:02:22]}  Kf8 {[%clk 0:00:56]} 27. d5 {[%clk 0:01:26]}  Qxe7 {[%clk 0:01:12]} 28. Qxe7+ {[%clk 0:01:36]}  Kxe7 {[%clk 0:01:35]} 29. Rxg7+ {[%clk 0:01:12]}  Kf6 {[%clk 0:02:03]} 30. Rxb7 {[%clk 0:00:47]}  Rdxd5 {[%clk 0:02:29]} 31. Rxd5 {[%clk 0:00:49]}  Rxd5 {[%clk 0:02:56]} 32. Rxh7 {[%clk 0:00:39]}  Rd2 {[%clk 0:03:25]} 33. Rh8 {[%clk 0:00:42]}  Rxe2 {[%clk 0:03:50]} 34. Rf8+ {[%clk 0:01:00]}  Kg6 {[%clk 0:02:35]} 35. Rxf4 {[%clk 0:01:23]}  Rd2 {[%clk 0:00:36]} 36. Ka2 {[%clk 0:01:04]}  Re2 {[%clk 0:00:55]} 37. Ka3 {[%clk 0:00:38]}  Re1 {[%clk 0:01:19]} 38. Ra4 {[%clk 0:00:37]}  Re7 {[%clk 0:01:38]} 39. Rc4 {[%clk 0:00:40]}  Rd7 {[%clk 0:01:22]} 40. Ka4 {[%clk 0:00:42]}  Rb7 {[%clk 0:01:34]} 41. b4 {[%clk 0:00:43]}  Re7 {[%clk 0:01:37]} 42. Kb5 {[%clk 0:00:46]}  Rf7 {[%clk 0:01:47]} 43. Ka6 {[%clk 0:00:39]}  Re7 {[%clk 0:02:05]} 44. b5 {[%clk 0:00:38]}  Rf7 {[%clk 0:01:59]} 45. Rc8 {[%clk 0:00:42]}  Rh7 {[%clk 0:00:37]} 46. Ra8 {[%clk 0:00:54]}  Rxh4 {[%clk 0:01:05]} 47. Rxa7 {[%clk 0:01:09]}  Kf6 {[%clk 0:01:17]} 48. Rd7 {[%clk 0:00:42]}  Ke6 {[%clk 0:01:46]} 49. Rd2 {[%clk 0:00:55]}  Rh1 {[%clk 0:01:44]} 50. b6 {[%clk 0:01:13]}  Ra1+ {[%clk 0:02:10]} 51. Kb7 {[%clk 0:01:36]}  Rc1 {[%clk 0:02:23]} 52. Kb8 {[%clk 0:01:51]}  Ra1 {[%clk 0:02:33]} 53. b7 {[%clk 0:02:15]}  Rc1 {[%clk 0:02:56]} 54. Ra2 {[%clk 0:02:20]}  Kd7 {[%clk 0:03:07]} 55. Ka7 {[%clk 0:02:32]} 1-0

[Event "9 Round Open"]
[Site "Enniscrone, Sligo, IE"]
[Date "2026.02.03"]
[Round "2"]
[White "Ranade, Akshay"]
[Black "Melling, Jonathon"]
[Result "1-0"]
[Board "14"]
[WhiteFideId "2515270"]
[BlackFideId "841790"]
[WhiteElo "1723"]
[BlackElo "1878"]
[WhiteTeam "IRL"]
[BlackTeam "IRL"]
[WhiteClock "0:15:05"]
[BlackClock "0:02:42"]
[Variant "Standard"]

1. c4 {[%clk 1:29:08]}  c6 {[%clk 1:30:56]} 2. Nf3 {[%clk 1:24:34]}  d5 {[%clk 1:31:19]} 3. d4 {[%clk 1:23:44]}  Nf6 {[%clk 1:31:20]} 4. g3 {[%clk 1:23:46]}  e6 {[%clk 1:29:24]} 5. Bg2 {[%clk 1:23:37]}  Be7 {[%clk 1:29:47]} 6. b3 {[%clk 1:18:55]}  Na6 {[%clk 1:18:37]} 7. Nc3 {[%clk 1:14:55]}  O-O {[%clk 1:10:18]} 8. O-O {[%clk 1:15:05]}  Re8 {[%clk 1:06:04]} 9. Ne5 {[%clk 1:11:05]}  Nd7 {[%clk 1:02:48]} 10. f4 {[%clk 1:08:18]}  f6 {[%clk 1:02:41]} 11. Nd3 {[%clk 1:05:15]}  dxc4 {[%clk 1:01:58]} 12. bxc4 {[%clk 1:05:29]}  Nb6 {[%clk 1:02:18]} 13. Nb2 {[%clk 1:00:30]}  Ba3 {[%clk 0:52:49]} 14. c5 {[%clk 0:57:30]}  Nd5 {[%clk 0:52:34]} 15. Nxd5 {[%clk 0:57:34]}  exd5 {[%clk 0:52:59]} 16. Qd3 {[%clk 0:56:09]}  Bxb2 {[%clk 0:48:15]} 17. Bxb2 {[%clk 0:56:04]}  f5 {[%clk 0:46:56]} 18. Rf3 {[%clk 0:52:39]}  Qf6 {[%clk 0:46:08]} 19. Bc3 {[%clk 0:50:38]}  Nc7 {[%clk 0:43:48]} 20. Ba5 {[%clk 0:49:38]}  Ne6 {[%clk 0:43:17]} 21. Re3 {[%clk 0:47:42]}  Re7 {[%clk 0:34:43]} 22. Re5 {[%clk 0:46:08]}  g6 {[%clk 0:34:08]} 23. a3 {[%clk 0:40:14]}  Bd7 {[%clk 0:34:32]} 24. Qe3 {[%clk 0:39:05]}  Rae8 {[%clk 0:34:25]} 25. Rb1 {[%clk 0:39:10]}  Bc8 {[%clk 0:34:51]} 26. Rb3 {[%clk 0:37:23]}  Nf8 {[%clk 0:30:44]} 27. Qd2 {[%clk 0:35:54]}  Nd7 {[%clk 0:26:10]} 28. Ree3 {[%clk 0:35:29]}  Nf8 {[%clk 0:24:16]} 29. Kf2 {[%clk 0:34:25]}  g5 {[%clk 0:22:50]} 30. Rxe7 {[%clk 0:33:10]}  Qxe7 {[%clk 0:21:59]} 31. fxg5 {[%clk 0:33:08]}  Ne6 {[%clk 0:22:05]} 32. h4 {[%clk 0:32:43]}  f4 {[%clk 0:16:57]} 33. Bf3 {[%clk 0:27:48]}  fxg3+ {[%clk 0:13:09]} 34. Kxg3 {[%clk 0:26:33]}  Ng7 {[%clk 0:13:37]} 35. Kf2 {[%clk 0:25:31]}  Nf5 {[%clk 0:13:32]} 36. Qf4 {[%clk 0:25:40]}  Qg7 {[%clk 0:12:45]} 37. Rd3 {[%clk 0:21:17]}  Rf8 {[%clk 0:09:15]} 38. h5 {[%clk 0:18:24]}  b6 {[%clk 0:08:33]} 39. cxb6 {[%clk 0:18:31]}  axb6 {[%clk 0:09:01]} 40. Bxb6 {[%clk 0:18:52]}  Ba6 {[%clk 0:09:28]} 41. Rd2 {[%clk 0:18:40]}  Qb7 {[%clk 0:08:57]} 42. Bc5 {[%clk 0:19:01]}  Rf7 {[%clk 0:06:24]} 43. g6 {[%clk 0:17:47]}  hxg6 {[%clk 0:06:14]} 44. hxg6 {[%clk 0:18:10]}  Rf6 {[%clk 0:06:15]} 45. Qe5 {[%clk 0:17:56]}  Kg7 {[%clk 0:05:54]} 46. Rd1 {[%clk 0:16:37]}  Qd7 {[%clk 0:03:50]} 47. Rh1 {[%clk 0:16:23]}  Nh6 {[%clk 0:03:16]} 48. Rxh6 {[%clk 0:15:05]}  Kxh6 {[%clk 0:02:35]} 49. Qxf6 {[%clk 0:15:28]}  Qh3 {[%clk 0:02:42]} 50. Bf8# {[%clk 0:15:05]} 1-0

[Event "9 Round Open"]
[Site "Enniscrone, Sligo, IE"]
[Date "2026.02.03"]
[Round "2"]
[White "Webb, Nick"]
[Black "Kim, Jimin"]
[Result "0-1"]
[Board "15"]
[WhiteFideId "2517302"]
[BlackFideId "13224271"]
[WhiteElo "1876"]
[BlackElo "1776"]
[WhiteTeam "IRL"]
[BlackTeam "KOR"]
[WhiteClock "0:33:04"]
[BlackClock "0:29:49"]
[Variant "Standard"]

1. Nf3 {[%clk 1:30:30]}  d5 {[%clk 1:29:43]} 2. c4 {[%clk 1:31:14]}  e6 {[%clk 1:29:55]} 3. g3 {[%clk 1:30:47]}  Nf6 {[%clk 1:30:06]} 4. Bg2 {[%clk 1:30:25]}  Be7 {[%clk 1:30:09]} 5. O-O {[%clk 1:29:47]}  O-O {[%clk 1:30:26]} 6. d4 {[%clk 1:29:28]}  b6 {[%clk 1:28:56]} 7. cxd5 {[%clk 1:20:49]}  exd5 {[%clk 1:29:06]} 8. Nc3 {[%clk 1:20:35]}  Bb7 {[%clk 1:28:06]} 9. Bf4 {[%clk 1:19:15]}  Re8 {[%clk 1:12:03]} 10. Qb3 {[%clk 1:16:01]}  c6 {[%clk 1:08:08]} 11. Rac1 {[%clk 1:14:58]}  Nbd7 {[%clk 1:08:09]} 12. Rfd1 {[%clk 1:13:53]}  Nf8 {[%clk 1:06:54]} 13. e4 {[%clk 1:08:17]}  dxe4 {[%clk 1:02:57]} 14. Ne5 {[%clk 1:06:20]}  Nd5 {[%clk 0:56:25]} 15. Nxe4 {[%clk 1:01:55]}  Ng6 {[%clk 0:54:38]} 16. Nxg6 {[%clk 0:51:01]}  hxg6 {[%clk 0:53:39]} 17. Bd2 {[%clk 0:49:04]}  Qd7 {[%clk 0:49:45]} 18. Nc3 {[%clk 0:46:15]}  Rac8 {[%clk 0:42:24]} 19. Nxd5 {[%clk 0:45:08]}  cxd5 {[%clk 0:42:40]} 20. Bf3 {[%clk 0:37:18]}  Bf6 {[%clk 0:36:18]} 21. Be3 {[%clk 0:36:18]}  Bc6 {[%clk 0:35:01]} 22. Rd3 {[%clk 0:33:28]}  Ba4 {[%clk 0:31:05]} 23. Qxd5 {[%clk 0:33:04]}  Rxc1+ {[%clk 0:29:49]} 0-1

[Event "9 Round Open"]
[Site "Enniscrone, Sligo, IE"]
[Date "2026.02.03"]
[Round "2"]
[White "Vitiukov, Mikhail"]
[Black "Stokes, Stephen"]
[Result "0-1"]
[Board "16"]
[WhiteFideId "14168839"]
[BlackFideId "2503530"]
[WhiteElo "1650"]
[BlackElo "1875"]
[WhiteTeam "UKR"]
[BlackTeam "IRL"]
[WhiteClock "0:01:48"]
[BlackClock "0:02:02"]
[Variant "Standard"]

1. e4 {[%clk 1:30:48]}  Nf6 {[%clk 1:30:25]} 2. Nc3 {[%clk 1:30:39]}  d5 {[%clk 1:30:44]} 3. e5 {[%clk 1:30:59]}  Nfd7 {[%clk 1:31:06]} 4. d4 {[%clk 1:31:16]}  e6 {[%clk 1:31:11]} 5. f4 {[%clk 1:30:46]}  c5 {[%clk 1:30:59]} 6. Be3 {[%clk 1:28:22]}  Nc6 {[%clk 1:28:06]} 7. Bb5 {[%clk 1:27:49]}  Qb6 {[%clk 1:22:19]} 8. Bxc6 {[%clk 1:27:39]}  bxc6 {[%clk 1:21:52]} 9. Na4 {[%clk 1:24:47]}  Qa5+ {[%clk 1:21:17]} 10. c3 {[%clk 1:25:05]}  cxd4 {[%clk 1:19:10]} 11. Bxd4 {[%clk 1:17:31]}  c5 {[%clk 1:15:12]} 12. Be3 {[%clk 1:17:55]}  Ba6 {[%clk 1:14:54]} 13. a3 {[%clk 1:12:38]}  Bb5 {[%clk 1:14:10]} 14. Nxc5 {[%clk 1:11:41]}  Nxc5 {[%clk 1:11:56]} 15. Bxc5 {[%clk 1:11:54]}  Bxc5 {[%clk 1:11:30]} 16. b4 {[%clk 1:12:21]}  Qb6 {[%clk 1:10:34]} 17. bxc5 {[%clk 1:12:08]}  Qxc5 {[%clk 1:10:39]} 18. Qd4 {[%clk 1:11:47]}  Qc4 {[%clk 1:06:09]} 19. Qxc4 {[%clk 1:08:51]}  Bxc4 {[%clk 1:06:17]} 20. Nf3 {[%clk 1:09:00]}  Rb8 {[%clk 1:03:47]} 21. Kf2 {[%clk 1:08:24]}  Rb2+ {[%clk 0:57:37]} 22. Kg3 {[%clk 1:08:45]}  Ke7 {[%clk 0:56:36]} 23. Nd4 {[%clk 1:08:42]}  Bd3 {[%clk 0:49:28]} 24. Rhe1 {[%clk 1:00:13]}  Rc8 {[%clk 0:44:18]} 25. Re3 {[%clk 0:55:55]}  Be4 {[%clk 0:41:27]} 26. Ne2 {[%clk 0:50:59]}  Rc4 {[%clk 0:38:02]} 27. Rd1 {[%clk 0:46:24]}  Ra4 {[%clk 0:34:11]} 28. Nd4 {[%clk 0:23:02]}  Bxg2 {[%clk 0:24:53]} 29. Re2 {[%clk 0:20:17]}  Rxe2 {[%clk 0:23:01]} 30. Nxe2 {[%clk 0:19:45]}  Be4 {[%clk 0:23:00]} 31. Rd4 {[%clk 0:20:51]}  Rxa3 {[%clk 0:21:34]} 32. Rb4 {[%clk 0:21:10]}  g6 {[%clk 0:19:59]} 33. Rb7+ {[%clk 0:20:11]}  Kf8 {[%clk 0:20:17]} 34. Rc7 {[%clk 0:19:12]}  a5 {[%clk 0:18:11]} 35. Nd4 {[%clk 0:18:20]}  Ra2 {[%clk 0:14:09]} 36. Nb5 {[%clk 0:17:00]}  Rg2+ {[%clk 0:10:49]} 37. Kh3 {[%clk 0:17:22]}  Rf2 {[%clk 0:10:21]} 38. Kg3 {[%clk 0:16:58]}  Rf3+ {[%clk 0:10:34]} 39. Kg4 {[%clk 0:17:23]}  Rf2 {[%clk 0:05:56]} 40. Nd6 {[%clk 0:15:15]}  Rg2+ {[%clk 0:03:42]} 41. Kh3 {[%clk 0:15:26]}  Rf2 {[%clk 0:03:27]} 42. Rxf7+ {[%clk 0:13:03]}  Kg8 {[%clk 0:03:44]} 43. Kg3 {[%clk 0:11:29]}  Rf3+ {[%clk 0:03:18]} 44. Kg4 {[%clk 0:10:45]}  h6 {[%clk 0:01:39]} 45. c4 {[%clk 0:09:06]}  Rc3 {[%clk 0:01:48]} 46. Rc7 {[%clk 0:03:06]}  Bf5+ {[%clk 0:01:39]} 47. Nxf5 {[%clk 0:03:31]}  exf5+ {[%clk 0:01:17]} 48. Kh4 {[%clk 0:03:30]}  Rxc4 {[%clk 0:01:36]} 49. Rd7 {[%clk 0:02:01]}  Rxf4+ {[%clk 0:01:56]} 50. Kg3 {[%clk 0:02:28]}  Rg4+ {[%clk 0:01:56]} 51. Kf3 {[%clk 0:02:51]}  d4 {[%clk 0:01:38]} 52. Ra7 {[%clk 0:01:12]}  Re4 {[%clk 0:01:05]} 53. Rxa5 {[%clk 0:01:16]}  Kf7 {[%clk 0:01:04]} 54. Ra7+ {[%clk 0:01:16]}  Ke6 {[%clk 0:01:06]} 55. Ra6+ {[%clk 0:01:40]}  Kxe5 {[%clk 0:01:19]} 56. Rxg6 {[%clk 0:02:07]}  d3 {[%clk 0:01:06]} 57. Rg8 {[%clk 0:01:09]}  d2 {[%clk 0:00:47]} 58. Rd8 {[%clk 0:01:12]}  Rd4 {[%clk 0:00:56]} 59. Re8+ {[%clk 0:00:39]}  Kf6 {[%clk 0:01:05]} 60. Rf8+ {[%clk 0:00:53]}  Kg5 {[%clk 0:01:23]} 61. Rg8+ {[%clk 0:01:05]}  Kh5 {[%clk 0:01:28]} 62. Rg1 {[%clk 0:00:35]}  d1=Q+ {[%clk 0:01:47]} 63. Rxd1 {[%clk 0:01:03]}  Rxd1 {[%clk 0:01:59]} 64. Kg3 {[%clk 0:01:05]}  Rd4 {[%clk 0:02:02]} 65. Kf3 {[%clk 0:01:28]}  Kh4 {[%clk 0:02:09]} 66. Kg2 {[%clk 0:01:51]}  Rd2+ {[%clk 0:01:41]} 67. Kh1 {[%clk 0:02:08]}  Kg4 {[%clk 0:01:48]} 68. h3+ {[%clk 0:01:48]}  Kg3 {[%clk 0:02:02]} 0-1

[Event "9 Round Open"]
[Site "Enniscrone, Sligo, IE"]
[Date "2026.02.03"]
[Round "2"]
[White "Alvarez Jimenez, Alfonso"]
[Black "Konig, Jon"]
[Result "1-0"]
[Board "17"]
[WhiteFideId "2297418"]
[BlackFideId "343468780"]
[WhiteElo "1868"]
[BlackElo "1661"]
[WhiteTeam "ESP"]
[BlackTeam "ENG"]
[WhiteClock "0:04:04"]
[BlackClock "0:02:07"]
[Variant "Standard"]

1. d4 {[%clk 1:28:41]}  f5 {[%clk 1:30:55]} 2. c4 {[%clk 1:29:00]}  Nf6 {[%clk 1:31:11]} 3. Nc3 {[%clk 1:29:14]}  e6 {[%clk 1:31:35]} 4. Nf3 {[%clk 1:27:17]}  Bb4 {[%clk 1:30:41]} 5. g3 {[%clk 1:25:12]}  O-O {[%clk 1:30:52]} 6. Bg2 {[%clk 1:25:19]}  d6 {[%clk 1:30:30]} 7. O-O {[%clk 1:23:28]}  Nbd7 {[%clk 1:27:16]} 8. Qb3 {[%clk 1:19:12]}  Bxc3 {[%clk 1:27:04]} 9. bxc3 {[%clk 1:18:56]}  Qe8 {[%clk 1:26:05]} 10. a4 {[%clk 1:13:32]}  Kh8 {[%clk 1:24:48]} 11. a5 {[%clk 1:13:18]}  Ne4 {[%clk 1:23:14]} 12. Ne1 {[%clk 1:10:25]}  e5 {[%clk 1:12:40]} 13. f3 {[%clk 1:06:09]}  Nef6 {[%clk 1:12:39]} 14. e3 {[%clk 1:03:35]}  e4 {[%clk 1:11:38]} 15. Ra2 {[%clk 0:45:13]}  Rb8 {[%clk 1:09:15]} 16. Raf2 {[%clk 0:43:34]}  b6 {[%clk 1:06:33]} 17. fxe4 {[%clk 0:41:09]}  fxe4 {[%clk 1:02:11]} 18. Qa4 {[%clk 0:36:01]}  Bb7 {[%clk 1:00:06]} 19. a6 {[%clk 0:35:28]}  Ba8 {[%clk 1:00:16]} 20. Bh3 {[%clk 0:35:13]}  c6 {[%clk 0:58:43]} 21. Ba3 {[%clk 0:32:57]}  Qe7 {[%clk 0:55:35]} 22. Ng2 {[%clk 0:32:08]}  g5 {[%clk 0:53:20]} 23. Bf5 {[%clk 0:31:06]}  Kg8 {[%clk 0:52:24]} 24. Qd1 {[%clk 0:28:58]}  c5 {[%clk 0:51:50]} 25. g4 {[%clk 0:25:31]}  Rbd8 {[%clk 0:50:03]} 26. h4 {[%clk 0:24:46]}  h6 {[%clk 0:49:29]} 27. hxg5 {[%clk 0:22:09]}  hxg5 {[%clk 0:49:57]} 28. d5 {[%clk 0:22:04]}  Ne5 {[%clk 0:49:25]} 29. Be6+ {[%clk 0:21:45]}  Kg7 {[%clk 0:49:40]} 30. Ne1 {[%clk 0:21:14]}  Nfd7 {[%clk 0:46:59]} 31. Rf5 {[%clk 0:20:08]}  Rxf5 {[%clk 0:42:51]} 32. Rxf5 {[%clk 0:17:46]}  Rf8 {[%clk 0:42:13]} 33. Qe2 {[%clk 0:16:40]}  Rxf5 {[%clk 0:41:08]} 34. Bxf5 {[%clk 0:15:27]}  b5 {[%clk 0:40:21]} 35. Qh2 {[%clk 0:14:35]}  Nf6 {[%clk 0:38:06]} 36. cxb5 {[%clk 0:09:46]}  Bxd5 {[%clk 0:37:53]} 37. Bb2 {[%clk 0:07:49]}  Nexg4 {[%clk 0:29:10]} 38. Qg2 {[%clk 0:09:13]}  Be6 {[%clk 0:26:29]} 39. Bxe4 {[%clk 0:04:56]}  d5 {[%clk 0:10:37]} 40. Bf3 {[%clk 0:04:54]}  Bf5 {[%clk 0:05:31]} 41. Qe2 {[%clk 0:03:41]}  c4 {[%clk 0:03:32]} 42. Bc1 {[%clk 0:03:02]}  Qe5 {[%clk 0:02:52]} 43. Qg2 {[%clk 0:02:31]}  Kg6 {[%clk 0:02:31]} 44. b6 {[%clk 0:02:35]}  Nxe3 {[%clk 0:01:11]} 45. Bxe3 {[%clk 0:02:49]}  Qxe3+ {[%clk 0:01:36]} 46. Qf2 {[%clk 0:03:12]}  Qe8 {[%clk 0:01:04]} 47. b7 {[%clk 0:03:25]}  Qb8 {[%clk 0:01:24]} 48. Ng2 {[%clk 0:03:28]}  Ne4 {[%clk 0:01:38]} 49. Bxe4 {[%clk 0:03:34]}  Bxe4 {[%clk 0:01:57]} 50. Ne3 {[%clk 0:03:39]}  Qh8 {[%clk 0:02:07]} 51. Qh2 {[%clk 0:03:49]}  Qd8 {[%clk 0:02:07]} 52. b8=Q {[%clk 0:04:04]} 1-0

[Event "9 Round Open"]
[Site "Enniscrone, Sligo, IE"]
[Date "2026.02.03"]
[Round "2"]
[White "Ashbrooke, Monika"]
[Black "Kelbas, Dariy"]
[Result "1/2-1/2"]
[Board "18"]
[WhiteFideId "15600262"]
[BlackFideId "34160515"]
[WhiteTitle "WCM"]
[WhiteElo "1628"]
[BlackElo "1866"]
[WhiteTeam "JCI"]
[BlackTeam "UKR"]
[WhiteClock "0:08:26"]
[BlackClock "0:11:19"]
[Variant "Standard"]

1. d4 {[%clk 1:27:55]}  Nf6 {[%clk 1:30:25]} 2. Nf3 {[%clk 1:28:15]}  g6 {[%clk 1:30:45]} 3. g3 {[%clk 1:28:40]}  Bg7 {[%clk 1:31:06]} 4. Bg2 {[%clk 1:29:05]}  O-O {[%clk 1:31:30]} 5. O-O {[%clk 1:29:32]}  d6 {[%clk 1:31:54]} 6. c4 {[%clk 1:29:41]}  c5 {[%clk 1:32:03]} 7. d5 {[%clk 1:27:23]}  e6 {[%clk 1:29:46]} 8. Bg5 {[%clk 1:24:54]}  h6 {[%clk 1:25:09]} 9. Bxf6 {[%clk 1:24:11]}  Qxf6 {[%clk 1:24:17]} 10. Nc3 {[%clk 1:24:28]}  e5 {[%clk 1:24:07]} 11. Qb3 {[%clk 1:21:11]}  Qe7 {[%clk 1:19:20]} 12. e4 {[%clk 1:15:31]}  f5 {[%clk 1:18:28]} 13. Nh4 {[%clk 1:13:25]}  Qf7 {[%clk 1:15:12]} 14. exf5 {[%clk 1:13:26]}  gxf5 {[%clk 1:15:23]} 15. Nb5 {[%clk 1:08:27]}  Rd8 {[%clk 1:08:01]} 16. Qc2 {[%clk 0:59:43]}  a6 {[%clk 1:05:32]} 17. Nc3 {[%clk 0:56:09]}  e4 {[%clk 0:56:50]} 18. Rae1 {[%clk 0:51:10]}  b5 {[%clk 0:49:39]} 19. b3 {[%clk 0:49:41]}  bxc4 {[%clk 0:46:43]} 20. bxc4 {[%clk 0:49:42]}  Ra7 {[%clk 0:40:41]} 21. Rb1 {[%clk 0:36:31]}  Nd7 {[%clk 0:40:10]} 22. Ne2 {[%clk 0:34:51]}  Ne5 {[%clk 0:38:13]} 23. Bh3 {[%clk 0:32:34]}  Bd7 {[%clk 0:32:45]} 24. Rb6 {[%clk 0:28:36]}  Qf8 {[%clk 0:29:51]} 25. f3 {[%clk 0:25:29]}  exf3 {[%clk 0:28:27]} 26. Nxf3 {[%clk 0:25:36]}  Nxf3+ {[%clk 0:23:33]} 27. Rxf3 {[%clk 0:25:42]}  Qe7 {[%clk 0:22:08]} 28. Bxf5 {[%clk 0:22:11]}  Bxf5 {[%clk 0:22:12]} 29. Rxf5 {[%clk 0:21:46]}  Qe3+ {[%clk 0:22:21]} 30. Kg2 {[%clk 0:20:37]}  Re7 {[%clk 0:20:53]} 31. Nf4 {[%clk 0:12:58]}  Re4 {[%clk 0:17:09]} 32. Ne6 {[%clk 0:12:11]}  Qe1 {[%clk 0:14:04]} 33. Rf2 {[%clk 0:10:53]}  Re8 {[%clk 0:13:20]} 34. Rb1 {[%clk 0:09:31]}  Qe3 {[%clk 0:12:53]} 35. Nxg7 {[%clk 0:08:38]}  Kxg7 {[%clk 0:12:37]} 36. Rb7+ {[%clk 0:09:02]}  Kg8 {[%clk 0:12:27]} 37. Rbf7 {[%clk 0:09:06]}  Qd4 {[%clk 0:11:19]} 38. R7f3 {[%clk 0:08:26]} 1/2-1/2

[Event "9 Round Open"]
[Site "Enniscrone, Sligo, IE"]
[Date "2026.02.03"]
[Round "2"]
[White "Bienko, Jagoda"]
[Black "Prado, Alexandra"]
[Result "1-0"]
[Board "19"]
[WhiteFideId "1194569"]
[BlackFideId "3301346"]
[BlackTitle "WCM"]
[WhiteElo "1803"]
[BlackElo "1924"]
[WhiteTeam "AUT"]
[BlackTeam "BOL"]
[WhiteClock "0:02:21"]
[BlackClock "0:01:14"]
[Variant "Standard"]

1. d4 {[%clk 1:30:51]}  Nf6 {[%clk 1:30:35]} 2. c4 {[%clk 1:30:57]}  g6 {[%clk 1:30:59]} 3. Nc3 {[%clk 1:31:22]}  Bg7 {[%clk 1:31:25]} 4. e4 {[%clk 1:31:43]}  d6 {[%clk 1:31:39]} 5. g3 {[%clk 1:31:48]}  O-O {[%clk 1:29:44]} 6. Bg2 {[%clk 1:27:43]}  Nc6 {[%clk 1:28:50]} 7. Nge2 {[%clk 1:27:07]}  e5 {[%clk 1:21:39]} 8. d5 {[%clk 1:27:19]}  Na5 {[%clk 1:14:21]} 9. Qd3 {[%clk 1:24:11]}  c5 {[%clk 1:14:04]} 10. dxc6 {[%clk 1:17:53]}  bxc6 {[%clk 0:59:12]} 11. b4 {[%clk 1:08:11]}  Nb7 {[%clk 0:59:00]} 12. Rb1 {[%clk 1:03:18]}  a5 {[%clk 0:56:46]} 13. a3 {[%clk 1:00:43]}  Be6 {[%clk 0:54:51]} 14. O-O {[%clk 0:59:04]}  axb4 {[%clk 0:47:08]} 15. axb4 {[%clk 0:59:27]}  Qc7 {[%clk 0:37:50]} 16. h3 {[%clk 0:34:54]}  Qd7 {[%clk 0:23:56]} 17. Kh2 {[%clk 0:34:30]}  Nh5 {[%clk 0:22:36]} 18. g4 {[%clk 0:28:50]}  Nf6 {[%clk 0:18:32]} 19. Ng3 {[%clk 0:27:43]}  Rfd8 {[%clk 0:15:48]} 20. Be3 {[%clk 0:23:38]}  Ne8 {[%clk 0:10:26]} 21. Bb6 {[%clk 0:16:53]}  Rdc8 {[%clk 0:10:04]} 22. Nf5 {[%clk 0:14:00]}  gxf5 {[%clk 0:07:34]} 23. gxf5 {[%clk 0:13:39]}  Qe7 {[%clk 0:06:04]} 24. fxe6 {[%clk 0:13:52]}  Qxe6 {[%clk 0:05:02]} 25. Bf3 {[%clk 0:13:13]}  Qf6 {[%clk 0:03:58]} 26. Bg4 {[%clk 0:11:56]}  Rcb8 {[%clk 0:04:18]} 27. Bd7 {[%clk 0:08:34]}  Ra3 {[%clk 0:03:53]} 28. Bxc6 {[%clk 0:06:07]}  Qf4+ {[%clk 0:04:21]} 29. Kh1 {[%clk 0:06:23]}  Nf6 {[%clk 0:03:00]} 30. Be3 {[%clk 0:05:18]}  Qf3+ {[%clk 0:03:19]} 31. Kh2 {[%clk 0:05:42]}  Nh5 {[%clk 0:02:49]} 32. Qe2 {[%clk 0:05:24]}  Qxe2 {[%clk 0:02:36]} 33. Nxe2 {[%clk 0:05:48]}  Nd8 {[%clk 0:02:19]} 34. b5 {[%clk 0:03:50]}  Ne6 {[%clk 0:02:31]} 35. Ra1 {[%clk 0:02:57]}  Rd3 {[%clk 0:01:09]} 36. Rfd1 {[%clk 0:01:50]}  Nhf4 {[%clk 0:01:07]} 37. Rxd3 {[%clk 0:01:33]}  Nxd3 {[%clk 0:01:30]} 38. b6 {[%clk 0:00:46]}  Nd8 {[%clk 0:00:19]} 39. Bd5 {[%clk 0:00:40]}  Nc5 {[%clk 0:00:45]} 40. Bxc5 {[%clk 0:00:34]}  dxc5 {[%clk 0:01:09]} 41. Ra8 {[%clk 0:00:38]}  Rxb6 {[%clk 0:00:41]} 42. Rxd8+ {[%clk 0:00:58]}  Bf8 {[%clk 0:01:08]} 43. Rd7 {[%clk 0:01:04]}  Rf6 {[%clk 0:01:14]} 44. Kg2 {[%clk 0:00:57]}  Bh6 {[%clk 0:01:05]} 45. Rd8+ {[%clk 0:01:00]}  Bf8 {[%clk 0:01:04]} 46. Ng3 {[%clk 0:01:01]}  h6 {[%clk 0:01:00]} 47. Nf5 {[%clk 0:01:05]}  Rg6+ {[%clk 0:01:13]} 48. Kf3 {[%clk 0:00:59]}  Rf6 {[%clk 0:01:37]} 49. Ke2 {[%clk 0:00:54]}  h5 {[%clk 0:01:49]} 50. Kf3 {[%clk 0:00:42]}  Ra6 {[%clk 0:01:50]} 51. Kg3 {[%clk 0:00:40]}  Ra3+ {[%clk 0:00:45]} 52. f3 {[%clk 0:00:54]}  Ra6 {[%clk 0:00:45]} 53. Ne7+ {[%clk 0:00:41]}  Kg7 {[%clk 0:01:03]} 54. Nc6 {[%clk 0:00:45]}  f6 {[%clk 0:00:45]} 55. Rd7+ {[%clk 0:01:07]}  Kg6 {[%clk 0:00:48]} 56. Ne7+ {[%clk 0:01:07]}  Kg7 {[%clk 0:00:35]} 57. Nf5+ {[%clk 0:01:06]}  Kg6 {[%clk 0:00:35]} 58. Bf7+ {[%clk 0:01:16]}  Kh7 {[%clk 0:00:47]} 59. Bxh5+ {[%clk 0:01:41]}  Kg8 {[%clk 0:00:59]} 60. Bf7+ {[%clk 0:01:56]}  Kh8 {[%clk 0:01:14]} 61. Rd8 {[%clk 0:02:21]} 1-0